| 000 | 01116nam a22003257a 4500 | ||
|---|---|---|---|
| 001 | BR0808966 | ||
| 003 | BR-BrBNA | ||
| 005 | 20230928102816.0 | ||
| 007 | ta | ||
| 008 | 230509b bl.||||| |||| 00| 0 por d | ||
| 040 |
_aBR-BrBNA _bpor _cBiblioteca Nacional de Agricultura |
||
| 041 | _a(Por) | ||
| 072 | _aF06; F04 | ||
| 090 | _ F06 BR0808966 | ||
| 100 | 1 | _aNogueira, S.F. | |
| 110 | 1 |
_aCentro de Energia Nuclear na Agricultura, Piracicaba, SP (Brasil) _0Tese (Doutor em Ciências) |
|
| 245 | 1 | _aEfeitos da irrigação com esgoto tratado e fertilização nitrogenada na ciclagem de carbono e nitrogênio e no metabolismo microbiano de um solo cultivado com capim-Bermuda Tifton 85 | |
| 260 | 3 |
_aPiracicaba, SP (Brasil): _c2008. |
|
| 300 | _a138 p. | ||
| 500 | _aSummaries (Eng, Por); Bibliography p. 121-133; 21 illus.; 17 tables | ||
| 650 | _aGRAMA BERMUDA | ||
| 650 | _aIRRIGAÇÃO | ||
| 650 | _aREDE DE ESGOTO | ||
| 650 | _aFERTILIZANTE NITROGENADO | ||
| 650 | _aCARBONO | ||
| 650 | _aRECICLAGEM | ||
| 650 | _aMICROBIOLOGIA DO SOLO | ||
| 909 |
_a202309 _bLucia _c55 _dLucia Elande |
||
| 942 | _cBK | ||
| 999 |
_c72533 _d72533 |
||